MARC details
| 000 -LEADER |
| fixed length control field |
02447nam a2200373 i 4500 |
| 003 - CONTROL NUMBER IDENTIFIER |
| control field |
CSPC |
| 005 - DATE AND TIME OF LATEST TRANSACTION |
| control field |
20251009171023.0 |
| 008 - FIXED-LENGTH DATA ELEMENTS--GENERAL INFORMATION |
| fixed length control field |
251009s2022 maua b 001 0 eng d |
| 020 ## - INTERNATIONAL STANDARD BOOK NUMBER |
| International Standard Book Number |
9780357447123 |
| 040 ## - CATALOGING SOURCE |
| Original cataloging agency |
CSPC |
| Language of cataloging |
eng |
| Transcribing agency |
CSPC |
| Description conventions |
rda |
| 050 00 - LIBRARY OF CONGRESS CALL NUMBER |
| Classification number |
RA427.8 |
| Item number |
.H644 2022 |
| 082 00 - DEWEY DECIMAL CLASSIFICATION NUMBER |
| Edition number |
23 |
| Classification number |
613 |
| Item number |
H671l |
| 100 1# - MAIN ENTRY--PERSONAL NAME |
| Personal name |
Hoeger, Werner W.K., |
| Relator term |
author. |
| 245 10 - TITLE STATEMENT |
| Title |
Lifetime physical fitness & wellness : |
| Remainder of title |
a personalized program / |
| Statement of responsibility, etc. |
Werner W.K. Hoeger, [and 3 others]. |
| 246 #3 - VARYING FORM OF TITLE |
| Title proper/short title |
Lifetime physical fitness and wellness |
| 250 ## - EDITION STATEMENT |
| Edition statement |
Sixteenth edition. |
| 264 #1 - PRODUCTION, PUBLICATION, DISTRIBUTION, MANUFACTURE, AND COPYRIGHT NOTICE |
| Place of production, publication, distribution, manufacture |
Boston, Massachusetts : |
| Name of producer, publisher, distributor, manufacturer |
Cengage, |
| Date of production, publication, distribution, manufacture, or copyright notice |
2022. |
| 300 ## - PHYSICAL DESCRIPTION |
| Extent |
xvi, 569 pages : |
| Other physical details |
color illustrations ; |
| Dimensions |
28 cm. |
| 336 ## - CONTENT TYPE |
| Source |
rdacontent |
| Content type term |
text |
| 337 ## - MEDIA TYPE |
| Source |
rdamedia |
| Media type term |
unmediated |
| 338 ## - CARRIER TYPE |
| Source |
rdacarrier |
| Carrier type term |
volume |
| 504 ## - BIBLIOGRAPHY, ETC. NOTE |
| Bibliography, etc. note |
Includes bibliographical references and index. |
| 505 0# - FORMATTED CONTENTS NOTE |
| Formatted contents note |
Physical fitness and wellness -- Behavior modification -- Nutrition for wellness -- Body composition -- Weight management -- Cardiorespiratory endurance -- Muscular fitness -- Muscular flexibility -- Personal fitness programming -- Preventing cardiovascular disease -- Cancer prevention -- Stress assessment and management techniques -- Addictive behavior -- Preventing sexually transmitted infections -- Lifetime fitness and wellness. |
| 520 ## - SUMMARY, ETC. |
| Summary, etc. |
"Take control of your personal well-being with LIFETIME PHYSICAL FITNESS & WELLNESS, 16th Edition. The book shows you how to assess your current behaviors, identify potential problem areas and apply practical steps to start positive changes. Real life stories from other students bring chapter concepts to life. Additionally, hands-on activities help you assess your fitness and wellness level and put chapter concepts into personal practice. Online resources reinforce key concepts through behavior modification planning activities, practice tests, online activities and labs, and a behavior change planner. Empower yourself to make positive changes and improve your health with LIFETIME PHYSICAL FITNESS & WELLNESS." -- Amazon.com |
| 650 #0 - SUBJECT ADDED ENTRY--TOPICAL TERM |
| Topical term or geographic name entry element |
Health promotion. |
| 650 #0 - SUBJECT ADDED ENTRY--TOPICAL TERM |
| Topical term or geographic name entry element |
Physical fitness. |
| 650 #0 - SUBJECT ADDED ENTRY--TOPICAL TERM |
| Topical term or geographic name entry element |
Health behavior. |
| 650 #0 - SUBJECT ADDED ENTRY--TOPICAL TERM |
| Topical term or geographic name entry element |
Exercise. |
| 700 1# - ADDED ENTRY--PERSONAL NAME |
| Personal name |
Hoeger, Sharon A., |
| Relator term |
author. |
| 700 1# - ADDED ENTRY--PERSONAL NAME |
| Personal name |
Hoeger, Cherie I., |
| Relator term |
author. |
| 700 1# - ADDED ENTRY--PERSONAL NAME |
| Personal name |
Meteer, Andrew D., |
| Relator term |
author. |
| 942 ## - ADDED ENTRY ELEMENTS (KOHA) |
| Source of classification or shelving scheme |
Dewey Decimal Classification |
| Suppress in OPAC |
No |
| Koha item type |
Books |
| Edition |
23 |
| Classification part |
613 |
| Item part |
H671l |
| Call number prefix |
CIR |
| Call number suffix |
2022 |